000 00348nam a22001457a 4500
008 221021b ||||| |||| 00| 0 eng d
020 _a9781496349798
041 _aeng
080 _2NINTH EDITION
_a610.73
082 _a610.73
100 _a8
101 _aINF
245 _aLESDERSHIP ROLES AND MANAGEMENT NURSING
_cMARQUIS B
942 _2udc
_cBK
999 _c58644
_d58644